LIBRARY & INFORMATION CENTRE, KCAET, TAVANUR

ONLINE PUBLIC ACCESS CATALOGUE (OPAC)

English Prose Vol - I / (Record no. 12527)

MARC details
000 -LEADER
fixed length control field 00291cam a2200109ua 4500
082 ## - DEWEY DECIMAL CLASSIFICATION NUMBER
Classification number 824
Item number PEA/EN
100 ## - MAIN ENTRY--AUTHOR NAME
Personal name Peacock, William .
245 ## - TITLE STATEMENT
Title English Prose Vol - I /
260 ## - PUBLICATION, DISTRIBUTION, ETC. (IMPRINT)
Place of publication London :
Name of publisher Geoffrey Cambridge Oxford Universities Press ,
Year of publication 1921.
300 ## - PHYSICAL DESCRIPTION
Number of Pages 590 ; .
942 ## - ADDED ENTRY ELEMENTS (KOHA)
Koha item type Books
Holdings
Withdrawn status Lost status Damaged status Home library Current library Date acquired Full call number Accession Number Koha item type
Withdrawn     KAUAET Sanskrit University 07/04/2012 824 5007 Books
free website counter